000
00287nam a2200121Ia 4500
008
191201s2009 xx 000 0 und d
100
_a
LIPSCHUTZ, Seymour
245
0
_a
Discrete Mathematics
260
_a
N. delhi
_b
TMH
_c
2009
300
_a
Misc
650
_a
B.Tech(CSE)
942
_2
ddc
_c
BK
999
_c
6376
_d
6376